[Event "BdF-Diamant 10 email"]
[Site "GER email"]
[Date "2019.06.19"]
[Round "?"]
[White "Byrne, Michael TA"]
[Black "Tkachenko, Yuliya"]
[Result "1/2-1/2"]
[WhiteElo "2333"]
[BlackElo "2332"]
[PlyCount "61"]
[EventDate "2019.??.??"]
[EventType "tourn (corr)"]
[EventRounds "10"]
[EventCountry "GER"]
[SourceTitle "Corr 2022"]
[Source "ChessBase"]
[SourceDate "2021.10.24"]
[SourceVersion "1"]
[SourceVersionDate "2021.10.24"]
[SourceQuality "1"]

1. d4 c6 2. e4 d5 3. e5 c5 4. Nf3 cxd4 5. Nxd4 Nc6 6. Nxc6 bxc6 7. Bd3 e6 8. 0-0 Ne7 9. Nd2 a5 10. Nf3 Ng6 11. Re1 Ba6 12. Bxg6 hxg6 13. Bg5 Qc7 14. c3 c5 15. a3 Bb7 16. b4 Be7 17. b5 Rd8 18. Bxe7 Qxe7 19. Qe2 Rh5 20. b6 Rf5 21. Nd2 a4 22. Qb5+ Kf8 23. Qxa4 d4 24. f3 dxc3 25. Nf1 Qg5 26. h4 Rf4 27. Re4 Rxe4 28. Qxe4 Bxe4 29. hxg5 Bd3 30. a4 c2 31. Ne3 1/2-1/2

[Event "BdF-Diamant 10 email"]
[Site "GER email"]
[Date "2019.06.19"]
[Round "?"]
[White "Kaan, J E F"]
[Black "Tkachenko, Yuliya"]
[Result "1/2-1/2"]
[WhiteElo "2300"]
[BlackElo "2332"]
[PlyCount "61"]
[EventDate "2019.??.??"]
[EventType "tourn (corr)"]
[EventRounds "10"]
[EventCountry "GER"]
[SourceTitle "Corr 2022"]
[Source "ChessBase"]
[SourceDate "2021.10.24"]
[SourceVersion "1"]
[SourceVersionDate "2021.10.24"]
[SourceQuality "1"]

1. Nf3 c6 2. e4 d5 3. Nc3 Nf6 4. e5 Ne4 5. Ne2 Qb6 6. d4 e6 7. c3 c5 8. Ng3 Nc6 9. Bd3 Nxg3 10. hxg3 cxd4 11. cxd4 Be7 12. g4 Bd7 13. Kf1 0-0-0 14. Bd2 Nb4 15. Be2 Bb5 16. Bxb5 Qxb5+ 17. Qe2 Qa4 18. g5 Kb8 19. g3 Rc8 20. Kg2 Qc2 21. Rac1 Qxb2 22. Rxc8+ Rxc8 23. Rxh7 Bf8 24. Qe3 Qc2 25. Rh8 Nc6 26. Qf4 Qg6 27. Be3 Bb4 28. Nh4 Qe4+ 29. Qxe4 dxe4 30. Rh7 Rg8 31. g6 1/2-1/2

[Event "BdF-Diamant 10 email"]
[Site "GER email"]
[Date "2019.06.19"]
[Round "?"]
[White "Tkachenko, Yuliya"]
[Black "Koestner, Wolfgang"]
[Result "1/2-1/2"]
[WhiteElo "2332"]
[BlackElo "2314"]
[PlyCount "48"]
[EventDate "2019.??.??"]
[EventType "tourn (corr)"]
[EventRounds "10"]
[EventCountry "GER"]
[SourceTitle "Corr 2022"]
[Source "ChessBase"]
[SourceDate "2021.10.24"]
[SourceVersion "1"]
[SourceVersionDate "2021.10.24"]
[SourceQuality "1"]

1. e4 c5 2. Nf3 d6 3. d4 cxd4 4. Nxd4 Nf6 5. Nc3 a6 6. Be3 e5 7. Nb3 Be6 8. f4 exf4 9. Bxf4 Nc6 10. Qd2 d5 11. exd5 Nxd5 12. Nxd5 Qxd5 13. 0-0-0 0-0-0 14. Bd3 Bd6 15. Rhe1 Rhe8 16. Bxd6 Qxd6 17. Qg5 Qxh2 18. Qxg7 h5 19. Kb1 Rg8 20. Qh7 Rh8 21. Qe4 Rhg8 22. Qh7 Rh8 23. Qe4 Rhg8 24. Qh7 Rh8 1/2-1/2

[Event "BdF-Diamant 09 email"]
[Site "GER email"]
[Date "2018.06.19"]
[Round "?"]
[White "Schott, Detlef"]
[Black "Tkachenko, Yuliya"]
[Result "1/2-1/2"]
[WhiteElo "2323"]
[BlackElo "2312"]
[PlyCount "71"]
[EventDate "2018.??.??"]
[EventType "tourn (corr)"]
[EventRounds "10"]
[EventCountry "GER"]
[SourceTitle "Corr 2020"]
[Source "ChessBase"]
[SourceDate "2019.09.30"]
[SourceVersion "1"]
[SourceVersionDate "2019.09.30"]
[SourceQuality "1"]

1. d4 c6 2. c4 d5 3. Nf3 Nf6 4. e3 Bg4 5. h3 Bh5 6. g4 Bg6 7. Ne5 Nbd7 8. Nxg6 hxg6 9. Qb3 e6 10. Bg2 Qb6 11. Nc3 g5 12. cxd5 Nxd5 13. Qc2 Qa6 14. Bf1 Qb6 15. Bg2 Nb4 16. Qd1 Be7 17. 0-0 0-0 18. Bd2 Rfd8 19. a3 Nd5 20. Qc2 Nf8 21. b4 Ng6 22. Rab1 Rac8 23. Rfc1 Qc7 24. Nxd5 exd5 25. a4 Qd7 26. Qd3 Nh4 27. Bh1 f5 28. gxf5 Nxf5 29. b5 Nh4 30. bxc6 Qxh3 31. cxb7 Rxc1+ 32. Rxc1 Bd6 33. Bxd5+ Kh8 34. f4 gxf4 35. Rc8 Rxc8 36. bxc8Q+ 1/2-1/2

[Event "BdF-Diamant 09 email"]
[Site "GER email"]
[Date "2018.06.19"]
[Round "?"]
[White "Sherwood, Alexander"]
[Black "Tkachenko, Yuliya"]
[Result "1-0"]
[WhiteElo "2332"]
[BlackElo "2312"]
[PlyCount "57"]
[EventDate "2018.??.??"]
[EventType "tourn (corr)"]
[EventRounds "10"]
[EventCountry "GER"]
[SourceTitle "Corr 2020"]
[Source "ChessBase"]
[SourceDate "2019.09.30"]
[SourceVersion "1"]
[SourceVersionDate "2019.09.30"]
[SourceQuality "1"]

1. e4 c6 2. d4 d5 3. e5 c5 4. Nf3 cxd4 5. Nxd4 Nc6 6. Nxc6 bxc6 7. Bd3 e6 8. 0-0 Ne7 9. Nd2 Ng6 10. Nf3 Be7 11. c3 Bd7 12. g3 0-0 13. Re1 Re8 14. h4 c5 15. h5 Nf8 16. h6 g6 17. Nh2 Rc8 18. Ng4 Bc6 19. b3 f6 20. exf6 Bxf6 21. Ba6 Rc7 22. Bf4 Bxc3 23. Rc1 Bxe1 24. Bxc7 Qxc7 25. Qxe1 Nd7 26. b4 e5 27. bxc5 Kf7 28. f4 Re6 29. fxe5 1-0

[Event "BdF-Diamant 09 email"]
[Site "GER email"]
[Date "2018.06.19"]
[Round "?"]
[White "Tkachenko, Yuliya"]
[Black "Skonieczna, Barbara"]
[Result "1/2-1/2"]
[WhiteElo "2312"]
[BlackElo "2325"]
[PlyCount "74"]
[EventDate "2018.??.??"]
[EventType "tourn (corr)"]
[EventRounds "10"]
[EventCountry "GER"]
[SourceTitle "Corr 2020"]
[Source "ChessBase"]
[SourceDate "2019.09.30"]
[SourceVersion "1"]
[SourceVersionDate "2019.09.30"]
[SourceQuality "1"]

1. e4 c5 2. Nf3 d6 3. d4 cxd4 4. Nxd4 Nf6 5. Nc3 a6 6. Be3 e6 7. a3 Be7 8. f3 h5 9. Qd2 Qc7 10. 0-0-0 Nbd7 11. h3 b5 12. Kb1 Bb7 13. Bg5 Nc5 14. Be2 h4 15. Qe1 Qa5 16. Rf1 Rc8 17. Rg1 Qb6 18. Bxh4 Nfxe4 19. Bxe7 Nxc3+ 20. Qxc3 Kxe7 21. Rh1 g6 22. Qb4 Rcd8 23. Rhe1 e5 24. Nb3 Nxb3 25. Qxb3 Rh4 26. Bf1 Rd4 27. Qc3 Rxd1+ 28. Rxd1 Qf2 29. Qc7+ Rd7 30. Qc3 Qh4 31. Qe3 Kf6 32. Bd3 Kg7 33. Rd2 Qf6 34. Re2 Rc7 35. c3 Bd5 36. Rd2 Bb3 37. Bc2 Bxc2+ 1/2-1/2

[Event "BdF-Diamant 09 email"]
[Site "GER email"]
[Date "2018.06.19"]
[Round "?"]
[White "Wichert, Gerd"]
[Black "Tkachenko, Yuliya"]
[Result "1/2-1/2"]
[WhiteElo "2302"]
[BlackElo "2312"]
[PlyCount "76"]
[EventDate "2018.??.??"]
[EventType "tourn (corr)"]
[EventRounds "10"]
[EventCountry "GER"]
[SourceTitle "Corr 2020"]
[Source "ChessBase"]
[SourceDate "2019.09.30"]
[SourceVersion "1"]
[SourceVersionDate "2019.09.30"]
[SourceQuality "1"]

1. d4 c6 2. e4 d5 3. e5 c5 4. dxc5 e6 5. Nf3 Bxc5 6. Bd3 Ne7 7. 0-0 Nbc6 8. a3 Ng6 9. b4 Bb6 10. Bb2 0-0 11. Re1 f6 12. exf6 gxf6 13. c4 Nf4 14. cxd5 Qxd5 15. Be4 Qxd1 16. Rxd1 e5 17. Nc3 Bg4 18. Bc1 Ne6 19. h3 Bxf3 20. Bxf3 Rfd8 21. Bd5 Kf7 22. Be3 Bd4 23. Bxd4 exd4 24. Bxe6+ Kxe6 25. Ne2 a6 26. Rac1 Kf7 27. Nf4 Rd6 28. g3 Re8 29. Kg2 b5 30. g4 Ne5 31. Nd3 Nc4 32. a4 Re7 33. Kg3 Rd5 34. Rc2 h6 35. axb5 axb5 36. Ra2 Ne5 37. Rad2 Red7 38. Nc5 R7d6 1/2-1/2